000 00436nam a2200145Ia 4500
003 OSt
005 20260128123804.0
008 211028s2018 xx 000 0 und d
040 _cAIMIT LIBRARY
041 _aeng
100 _aAsha Y; Dias, Beena.
_g1616022
_97779
245 _aRecruitment and selection process: a case study with reference to Mandovi motors Bangalore /
260 _aMangalore
_bBeena Dias.
_c2018
942 _2ddc
_cPRO
999 _c219347
_d219347